Pattern recognition and neural networks / (Record no. 13504)

MARC details
000 -LEADER
fixed length control field 00798nam a22001937a 4500
008 - FIXED-LENGTH DATA ELEMENTS--GENERAL INFORMATION
fixed length control field 100224t xxu||||| |||| 00| 0 eng d
020 ## - INTERNATIONAL STANDARD BOOK NUMBER
International Standard Book Number 9780521717700
082 ## - DEWEY DECIMAL CLASSIFICATION NUMBER
Edition number 22
Classification number 006.4
Item number RIP
100 ## - MAIN ENTRY--PERSONAL NAME
Personal name Ripley, B.D.
9 (RLIN) 11890
245 ## - TITLE STATEMENT
Title Pattern recognition and neural networks /
Statement of responsibility, etc B.D. Ripley.
260 ## - PUBLICATION, DISTRIBUTION, ETC. (IMPRINT)
Place of publication, distribution, etc Cambridge :
Name of publisher, distributor, etc Cambridge University Press,
Date of publication, distribution, etc c.1996.
300 ## - PHYSICAL DESCRIPTION
Extent xi,403p. :
Other physical details ill. ;
Dimensions 26cm.
500 ## - GENERAL NOTE
General note Includes Index.
650 ## - SUBJECT ADDED ENTRY--TOPICAL TERM
Topical term or geographic name as entry element Neural networks (Computer science)
9 (RLIN) 11891
650 ## - SUBJECT ADDED ENTRY--TOPICAL TERM
Topical term or geographic name as entry element Pattern recognition systems.
9 (RLIN) 11892
650 ## - SUBJECT ADDED ENTRY--TOPICAL TERM
Topical term or geographic name as entry element Pattern recognition
9 (RLIN) 11893
942 ## - ADDED ENTRY ELEMENTS (KOHA)
Source of classification or shelving scheme Dewey Decimal Classification
Item type Book - Borrowing
Holdings
Withdrawn status Item status Source of classification or shelving scheme Damaged status Not for loan Vendor Home library Current library Shelving location Date acquired Source of acquisition Cost, normal purchase price Serial Enumeration / chronology Total Checkouts Total Renewals Full call number Barcode Date last seen Date last borrowed Koha item type
    Dewey Decimal Classification     Alahram Central Library Central Library Lower Floor 24/02/2010   264.00 37 4 40 006.4 RIP 000019891 15/07/2025 04/11/2012 Book - Borrowing